Sabrina Carpenter - Chansons de l'album Short N' Sweet - Statistiques

Statistiques générales
  • Ce quiz a été pris 398 fois
    301 depuis la dernière actualisation
  • Le résultat moyen est 14 sur 18
Statistiques - réponses
Hint Track Réponse % Correct
Short N' Sweet 1 Taste
97%
Short N' Sweet 7 Espresso
96%
Short N' Sweet 2 Please Please Please
95%
Short N' Sweet Deluxe 14 Please Please Please (feat. Dolly Parton)
95%
Short N' Sweet 10 Juno
93%
Short N' Sweet 6 Bed Chem
86%
Short N' Sweet Deluxe 16 Busy Woman
86%
Short N' Sweet 3 Good Graces
83%
Short N' Sweet2 12 Don't Smile
80%
Short N' Sweet Deluxe 13 15 Minutes
79%
Short N' Sweet 5 Coincidence
76%
Short N' Sweet 4 Sharpest Tool
75%
Short N' Sweet2 11 Lie to Girls
72%
Short N' Sweet 9 Slim Pickins
69%
Short N' Sweet 8 Dumb & Poetic
68%
Short N' Sweet Deluxe 15 Couldn't Make It Any Harder
59%
Short N' Sweet Deluxe 17 Bad Reviews
58%
Short N' Sweet2 Bonus Needless to Say
17%
Aucun quiz correspondant
Distribution des résultats
% des personnes avec chaque résultat
Percentile par nombre de réponses
Votre historique - résultats
Vous n’avez pas pris ce quiz depuis la dernière actualisation